Word Ladder: Opposites Attract Quiz Stats

 Plays Quiz Updated May 31, 2016

Challenge
Share
Tweet
Embed
Score 0/48 Timer 05:00
2 Plays Today
Clue 4-Letter Word % Correct
Ladder 2•HARD•
95.1%
Ladder 1•HEAD•
94.9%
Ladder 3•WORK•
93.9%
Ladder 2LOST
90.9%
Ladder 1FOOD
90.6%
Ladder 3RENT
90%
Ladder 4WEED
88.3%
Ladder 4SIDE
87.1%
Ladder 1•FOOT•
86.9%
Ladder 4SING
86.5%
Ladder 1TALL
86.1%
Ladder 4KING
86%
Ladder 3SEAT
86%
Ladder 2CAST
85.6%
Ladder 2LOFT
85.2%
Ladder 1TOLL
84.7%
Ladder 2PORT
84.6%
Ladder 2PART
84.5%
Ladder 4SEED
83.9%
Ladder 1HOOD
83.9%
Ladder 3SENT
83.6%
Ladder 2•SOFT•
83.6%
Ladder 2SORT
83.5%
Ladder 4SINE
83.4%
Clue 4-Letter Word % Correct
Ladder 3WEST
83.4%
Ladder 2COST
82.8%
Ladder 3WON'T
82.6%
Ladder 2HART
82.3%
Ladder 1HEED
80%
Ladder 3•REST•
80%
Ladder 1COLT
79.9%
Ladder 4KIND
79.5%
Ladder 1HOED
78.3%
Ladder 2•EASY•
78.2%
Ladder 3WONK
77.7%
Ladder 3WENT
76.8%
Ladder 1COLL.
76.8%
Ladder 2EAST
76.7%
Ladder 1COOT
76.6%
Ladder 4•SEEK•
75.6%
Ladder 4•FIND•
75%
Ladder 3SLAY
71.5%
Ladder 3•PLAY•
70.9%
Ladder 3SLAT
69.6%
Ladder 1•TAIL•
67.8%
Ladder 4WEND
66.7%
Ladder 4FEND
64.3%
Ladder 4•HIDE•
60.8%

Today's Daily Dose

You're not logged in!

Compare scores with friends on all Sporcle quizzes.
OR
Log In

You Might Also Like...

Show Comments

Extras

Top Quizzes Today


Score Distribution

Your Account Isn't Verified!

In order to create a playlist on Sporcle, you need to verify the email address you used during registration. Go to your Sporcle Settings to finish the process.

Report this User

Report this user for behavior that violates our Community Guidelines.

Details: